00343nam a22001217a 4500020000800000040001600008082001500024100002300039245005700062250002800119260003500147300003900182 qPB. cFIZZA ISHAQ a928.5bSCH aSchweser , Kaplan. aFinancial Reporting and Analysis /cKaplan Schweser. aExam/Level : 1 , Book 3 aUSA :bKaplan Schweser,c2008. a351 P. ;c10.2 x 8.3 x 0.6 inches,